000 00166 a2200085 4500
041 _aspa
100 _aAnonimo
245 _aGuia Metodologica Para Docentes
942 _cBK
999 _c15509
_d15509